000 00772cab a2200241 4500
001 ABS58597
008 090401t1998 xxu||||| |||| 00| 0 eng d
035 _a(Sirsi) u85730
041 _aeng
100 _aDymond, A.
245 _aStatutory damages for unlawful eviction
260 _c1998
350 _a0
490 _aNew Law Journal
_v148(6836) 17 April 1998, 549-550(2)
520 _aA look at recent case law with reference to statutory damages for unlawful eviction under the Housing Act 1988 s27 and s28.
650 _aDAMAGES
650 _aEVICTION
650 _aHOUSING ACT 1988
650 _aUNLAWFUL EVICTION
690 _aPROPERTY-RESIDENTIAL PROPERTY-RESIDENTIAL LANDLORD AND TENANT-RESIDENTIAL TENANCIES
942 _n0
948 _c22/04/1998
999 _c53932
_d53932